00913nam a2200229 i 4500001000700000003000900007005001700016007000300033008004100036080003800077080001700115100004000132245004700172260007400219300002600293600007400319650005600393710007100449852002200520999001900542952012200561128107ES-MaACL20250402175002.0t|070214s1965 sp r ||||1| spa d a821.134.2 Unamuno, Miguel de 1.07 a821.134.2.091 aRocamora, Pedro,d1910-1993915681310aDe Góngora a Unamuno / cPedro Rocamora. aMadrid : bConsejo Superior de Investigaciones Científicas, c1965. aXV, 180 p. ; c22 cm.14aUnamuno, Miguel de,d1864-1936-xCrítica e interpretación9111984 4aLiteratura española-xHistoria y crítica9145602 aConsejo Superior de Investigaciones Científicas (España)93236 aES-MaACLjC-28263 c128107d128107 00104070aATENEOMbATENEOMcDEPO2d2008-01-17eSCl0oC-28263p1133426r2023-02-23 00:00:00w2023-02-23yMONOGRAFIA